| LEADER | 00443cam a2200145 7i4500 | ||
|---|---|---|---|
| 001 | 0000027035 | ||
| 005 | 20111004090000.0 | ||
| 090 | 0 | 0 | |a I 338.4791 |b WOR |
| 110 | 2 | 0 | |a World Economic Forum |
| 245 | 2 | 0 | |a The Travel & tourism competitiveness report 2011 : |b beyond the downturn.. |
| 260 | 0 | 0 | |a Geneva: |b World Economic Forum, |c 2011. |
| 300 | # | # | |a 501p. |
| 650 | 0 | 0 | |a Tourism |
| 650 | 0 | 0 | |a Travel |
| 999 | |a 0000028914 |b Book |c International |e Business Information Centre | ||